Harry Potter y la cámara secreta / (Registro nro. 10962)

Detalles MARC
000 -LIDER
fixed length control field 01019cam a22003497 4500
001 - NÚMERO DE CONTROL
Identificador de número de control 426155
003 - IDENTIFICACDOR DE NÚMERO DE CONTROL
control field DO-SdBNP
005 - DATE AND TIME OF LATEST TRANSACTION
control field 20230315113830.0
007 - CAMPOS FIJOS DE DESCRIPCIÓN FÍSICA
fixed length control field 426155
008 - ELEMENTOS DE LONGITUD FIJA
fixed length control field 080513s2001 sp| |||| 000 1 spa
015 ## - NÚMERO DENTRO DE LA BIBLIOGRAFÍA NACIONAL
National bibliography number
017 ## - NÚMERO DE REGISTRO DE DERECHOS DE AUTOR
Copyright or legal deposit number
Assigning agency
020 ## - ISBN
International Standard Book Number 8478884955
035 ## - NÚMERO LOCAL
System control number
040 ## - FUENTE DE CATALOGACIÓN
Agencia que crea de manera original el registro BPSMU
Idioma de catalogación spa
Agencia que realiza la transcripción BPMSU
Convenciones de la despripción
080 ## - NÚMERO DE CLASIFICACIÓN DECIMAL UNIVERSAL
Universal Decimal Classification number
082 ## - NÚMERO DE CLASIFICACIÓN DECIMAL DE DEWEY
Classification number 823.91
Item number R884H, 2001
Edition number 22
100 1# - ASIENTO PRINCIPAL -- NOMBRE PERSONAL
Nombre personal Rowling, J. K.
Fechas asociadas con el nombre 1965-
245 10 - MENCIÓN DE TITULO
Título Harry Potter y la cámara secreta /
Medio (Designación general de material)
Mención de responsabilidad Rowling ; traducción, Adolfo Muñoz García y Nieves Martín Azofra
250 ## - MENCIÓN DE EDICION
Mención de edición 24ª ed.
260 ## - PUBLICACIÓN, DISTRIBUCIÓN, ETC. (PIE DE IMPRENTA)
Lugar de publicación, distribución, etc Barcelona :
Nombre del editor, distribuidor, etc. Salamandra,
Fecha de publicación, distribución, etc 2001
300 ## - DESCRIPCIÓN FÍSICA
Extensión 286 p.;
Dimensiones 22 cm
490 0# - MENCIÓN DE SERIES
Mención de serie Harry Potter
Volume/sequential designation 2
534 ## - NOTA SOBRE LA VERSIÓN ORIGINAL
Asiento principal del original Título origienal :
Mención del título original Harry Potter and the chamber of secrets
590 ## - NOTA LOCAL
Enlace Inventariado, 2023/VM
650 #4 - ENCABEZAMIENTO DE MATERIA--TEMÁTICO
Término temático o nombre geográfico como elemento de entrada Novela juvenil inglesa
650 #4 - ENCABEZAMIENTO DE MATERIA--TEMÁTICO
Término temático o nombre geográfico como elemento de entrada Magia
Subdivisión de forma Novela
700 1# - ASIENTO SECUNDARIO -- NOMBRE PERSONAL
Nombre personal Muñoz, Adolfo
Mención de responsabilidad tr.
700 1# - ASIENTO SECUNDARIO -- NOMBRE PERSONAL
Nombre personal Martín Azofra, Nieves,
Mención de responsabilidad tr.
910 ## - VALIDACIÓN
Validación VMateo V. Control de calidad (BPMSU)
942 ## - ADDED ENTRY ELEMENTS (KOHA)
Source of classification or shelving scheme Dewey Decimal Classification
Koha item type Libros
Existencias
Withdrawn status Lost status Source of classification or shelving scheme Damaged status Not for loan Collection code Home library Current library Date acquired Source of acquisition Full call number Barcode Date last seen Copy number Price effective from Koha item type
    Dewey Decimal Classification     Colección Juvenil General Biblioteca Pública Metropolitana Salomé Ureña Biblioteca Pública Metropolitana Salomé Ureña 07/20/2016 FUNDI BPMSU CG 823.91 R884c 2001 BPMSU16070563 07/20/2016 v.2 07/20/2016 Libros